00600nam a2200205 a 450000100060000000300080000600500170001400800410003103500190007204000270009104100080011808200230012610000290014924500810017825000120025926000330027130000330030450400200033765100370035728874BD-RjUL20211209051336.0140401s1950 enk 001 0 eng d a(BD-RjUL)28958 aDLCbengcDLCdBD-RjUL aeng00a942bEDN Pt-5 19501 aEdwards, William,d1871-10aNotes on British history /nPart V :pFrom 1900 to 1920cby William Edwards. a2nd ed. aLondon :bRivingtons,c1950. aviii, 1051-1340 p. ;c19 cm. aIncludes index. 0aGreat BritainxHistoryyTo 1485.